000 00330nam a22000977a 4500
999 _c516754
_d516754
082 _aTNC A99\D496 M42
100 _aSri Sarada Math
_923334
245 _aEternal mother :
_b150th birth anniversary of Sri Sarada Devi and golden jubilee of Sri Sarada Math
_cSri Sarada Math
260 _aKolkata
_bSri Sarada Math
_c2004
300 _a304p.